000 00580nam a22001457a 4500
005 20241127093317.0
008 241127b |||||||| |||| 00| 0 eng d
020 _a9780406700056
245 _aLaw Reports of the Commonwealth 1989
_bConstitutional and Administrative Law Reports
260 _aLondon, UK
_bButterworths & Co. (Publishing) Ltd
_c1991
300 _alx, 1014 pages
_c24 cm
500 _aGeneral Editors: Read James S. Prof. LL.B. of Gray’s Inn, Barrister. Slinn Peter E. M.A., PhD., Solicitor, England and Wales.
650 _2Law Reports
_xUK
942 _2lcc
_cBK
_n0
999 _c1584
_d1584